000 01033nam a2200217 i 4500
001 170529
003 ES-MaACL
005 20250824072722.0
008 090312s1927 ag |||| | spa d
080 _a821.134.2 (82)-2"18"
245 0 3 _aEl hipócrita político
_b: comedia en tres actos /
_cpor P.V.A., Buenos Aires, 1819 ; [noticia de Jorge Max. Rohde].
260 _aBuenos Aires :
_b[s.n.],
_c1927 (
_fImp. de la Universidad)
300 _a3 h., p. 466-536 ;
_c23 cm.
490 1 _aSección de documentos. Primera serie. T. III: Teatro en prosa / Facultad de Filosofía y Letras de la Universidad de Buenos Aires, Instituto de Literatura Argentina ;
_v7
700 1 _aRohde, Jorge Max.
_998977
710 2 _aUniversidad de Buenos Aires.
_bInstituto de Literatura Argentina.
_9139614
830 0 0 _aSección de documentos.
_pPrimera serie.
_pTeatro en prosa (Instituto de Literatura Argentina)
_v7
_9188942
852 _aES-MaACL
_jC-6629(5)
_zEnc. en un vol. facticio
942 _2udc
999 _c170529
_d170529